| 000 | 02262 a2200205 4500 | ||
|---|---|---|---|
| 001 | 23789 | ||
| 005 | 20260407155524.0 | ||
| 008 | 260407a1956 arg spa d | ||
| 003 | AR-UNSa-BCEJYS | ||
| 040 |
_aAR-UNSa-BCEJYS _bspa _cAR-UNSa-BCEJYS |
||
| 080 |
_a51-7 _xEstudios y métodos matemáticos en otros campos del conocimiento. Matemáticas científicas. Matemáticas actuariales (Matemáticas Financieras) |
||
| 245 | 1 | 0 | _aMatemáticas Financieras |
| 250 | _a6a. ed | ||
| 264 | 1 |
_aBuenos Aires : _bImprenta López _c1956 |
|
| 300 |
_a2 v. _c25 cm. |
||
| 505 | _aVol. I: Libro Primero : Intereses y descuentos : 1. Intereses simples - 2. Intereses compuestos - 3. Descuentos - Libro Segundo : Anualidades ciertas : 4. Imposiciones a intereses compuestos - 5. Imposiciones a intereses simples - 6. Amortizaciones - 7. Rentas - 8. Anualidades variables - 9. Empréstitos hechos mediante la emisión de obligaciones -- Vol. II: Libro Primero : Las funciones biometricas : 1. Tablas de mortalidad - 2. Vida media, vida probable, más probable duración de la vida - 3. La tasa instantánea de mortalidad - 4. Hipótesis relativas a la tasa instantanea de mortalidad - 5. Probabilidades de vida y muerte referentes a grupos de dos o mas personas - 6. Tablas de mortalidad de asegurados - 7. Ajustamiento de tablas - Libro Segundo : Seguros sobre la vida : 8. Nociones fundamentales - 9. Rentas vitalicias constantes - 10. Rentas vitalicias variables - 11. Rentas pagaderas en subperiodos de año - 12. Seguros en caso de muerte - 13. Seguros en caso de muerte en función de las rentas - 14. Seguros variables - 15. Primas periodicas - 16. Rentas completas - 17. Formas especiales de seguro - 18. Primas de tarifa - 19. Recargos especiales - 20. Reembolso de primas - 21. Reservas matemáticas - reservas puras - 22. Reservas matemáticas - reservas cargadas - 23. Modificación en las pólizas - 24. La cuenta de ganancias y perdidas - 25. Rentas sobre varias vidas en conjunto - 26. Seguros sobre varias vidas en conjunto - 27. Rentas y seguros de supervivencia - Libro Tercero : Seguros vinculados al de vida : 28. La invalidez - 29. Seguro de enfermedad. | ||
| 942 | _cBK | ||
| 590 | _aniveau_biblio:m niveau_hierar:0 | ||
| 100 | 1 | _aGonzález Galé, José | |
| 999 |
_c1132 _d1132 |
||